banner koha

Estudo de competitividade do cacau e chocolate no Brasil: desafios na produção e comércio global (Registro n. 86640)

MARC details
000 -LÍDER
Campo de controle fixo 00983nam a22003137a 4500
001 - NÚMERO DE CONTROLE
Número de controle BR2023002010
003 - CÓDIGO MARC DA AGÊNCIA CATALOGADORA
Campo de controle BR-BrBNA
005 - DATA E HORA DA ÚLTIMA ATUALIZAÇÃO
Campo de controle 20231031211453.0
008 - CAMPO DE TAMANHO FIXO
Campo fixo de controle 231031b bl.||||| |||| 00| 0 por d
040 ## - FONTE DA CATALOGAÇÃO
Agência catalogadora BR-BrBNA
Idioma da catalogação por
041 ## - CÓDIGO DO IDIOMA
Código do Idioma por
072 ## - CATEGORIA AGRIS
Código da categoria de assunto/objeto <a href="F01 ; Q02 ; E71">F01 ; Q02 ; E71</a>
Código do objeto 2110 ; 9917
090 ## - NÚMERO DE CHAMADA
Localização na estante 2110 BR2023002010
100 ## - ENTRADA PRINCIPAL - NOME PESSOAL
Nome pessoal Leite, Lucas Rasi Cunha
110 1# - ENTRADA PRINCIPAL - ENTIDADE
9 (RLIN) 7421
Nome da entidade ou lugar Ministério da Indústria, Comércio Exterior e Serviços, Brasília, DF (Brasil)
245 ## - TÍTULO PRINCIPAL
Título principal Estudo de competitividade do cacau e chocolate no Brasil: desafios na produção e comércio global
260 ## - IMPRENTA (PUBLICAÇÃO, DISTRIBUIÇÃO, ETC.)
Lugar de publicação, distribuição, etc. Brasília, DF (Brasil)
Data de publicação, distribuição, etc 2018
300 ## - DESCRIÇÃO FÍSICA
Extensão 171 p.
500 ## - NOTA GERAL
Notas gerais Bibliography p. 161-170 (108 ref,); 79 illus.; 38 tables; 3 graphs
650 ## - ASSUNTO - THESAGRO
Cabeçalho tópico ou nome geográfico CACAU
650 ## - ASSUNTO - THESAGRO
Cabeçalho tópico ou nome geográfico CHOCOLATE
650 ## - ASSUNTO - THESAGRO
Cabeçalho tópico ou nome geográfico PRODUÇÃO
650 ## - ASSUNTO - THESAGRO
Cabeçalho tópico ou nome geográfico CERTIFICAÇÃO
650 ## - ASSUNTO - THESAGRO
Cabeçalho tópico ou nome geográfico CADEIA PRODUTIVA
650 ## - ASSUNTO - THESAGRO
Cabeçalho tópico ou nome geográfico COMERCIALIZAÇÃO
650 ## - ASSUNTO - THESAGRO
Cabeçalho tópico ou nome geográfico COMÉRCIO EXTERIOR
909 ## - IDENTIFICAÇÃO DO CATALOGADOR
Ano e mês da catalogação (aaaamm) 202310
Identificação do catalogador Fernando
942 ## - TIPO ESPECÍFICO
Tipo de material Livros
952 ## - LOCATION AND ITEM INFORMATION (KOHA)
-- 2023-10-31
Exemplares
Status de empréstimo Fonte de classificação Status de danificação Não pode ser emprestado Código da coleção Localização permanente Localização atual Localização na estante Total Checkouts Número de chamada Código de barras Tipo de material
  Classificação AGRIS     Agrobase Biblioteca Nacional de Agricultura - Binagri Biblioteca Nacional de Agricultura - Binagri Agrobase - Acervo Geral   2110 BR2023002010 2023-436639 Livros

BINAGRI

Telefone: (61)3218-2567/2388/3357/2097 - binagri@agro.gov.br

Ministério da Agricultura e Pecuária , Esplanada dos Ministérios, Bloco D, Anexo B, Brasília/DF, CEP: 70.043-900